000 00615cam a22002173a 4500
001 39004
003 PGUSA
005 20140828083848.0
008 120228s2012||||xxu|||||s|||||000 | eng d
040 _aPGUSA
_beng
042 _adc
100 1 _aRamamohan Rao, Mahidhara,
_d1909-2000
245 1 0 _aశుభలేఖ
_h[electronic resource] /
_cMahidhara Ramamohan Rao
260 _bProject Gutenberg,
_c2012
506 _aPublic domain in the USA.
516 _aElectronic text
740 0 _aSubhalekha
830 0 _aProject Gutenberg
_v39004
856 4 0 _uhttp://www.gutenberg.org/ebooks/39004
942 _cEB
999 _c268257
_d268257